2. Bundesliga Stadien - Statistiken

Allgemein
  • Dieses Quiz wurde 155 mal gespielt
  • Das Durchschnittsergebnis liegt bei 14 aus 18
Antwortstatistiken
Bildquiz Antwort % Korrekt
FC Schalke 04
92%
Hertha BSC
91%
SV Elversberg
90%
Fortuna Düsseldorf
87%
Hamburger SV
86%
1. FC Nürnberg
85%
Hannover 96
85%
SSV Jahn Regensburg
85%
1. FC Köln
81%
SSV Ulm 1846 Fussball
77%
1. FC Kaiserslautern
69%
Karlsruher SC
69%
SC Preußen Münster
69%
SC Paderborn 07
66%
Eintracht Braunschweig
61%
SV Darmstadt 98
61%
SpVgg Greuther Fürth
55%
1. FC Magdeburg
54%
Keine übereinstimmenden Quizze gefunden
Verteilung der Resultate
Anzahl Personen mit jedem Resultat
Perzentil nach korrekt beantworteten Fragen
Ihre Resultats-Entwicklung
Sie haben dieses Quiz noch nicht gespielt